Rèn luyện ngôn ngữ; T1 Bài tập tiếng Việt thực hành

Spremljeno u:
Bibliografski detalji
Glavni autor: Phan Thiều
Format: Knjiga
Jezik:Undetermined
Izdano: Hà Nội Giáo Dục 1998
Teme:
Oznake: Dodaj oznaku
Bez oznaka, Budi prvi tko označuje ovaj zapis!
Thư viện lưu trữ: Trung tâm Học liệu Trường Đại học Cần Thơ
LEADER 00602nam a2200205Ia 4500
001 CTU_28304
008 210402s9999 xx 000 0 und d
020 |b 11.000đ 
082 |a 495.9228 
082 |b Th309/T1 
100 |a Phan Thiều 
245 0 |a Rèn luyện ngôn ngữ; T1 
245 0 |b Bài tập tiếng Việt thực hành 
245 0 |c Phan Thiều 
260 |a Hà Nội 
260 |b Giáo Dục 
260 |c 1998 
650 |a vietnamese language - study and teaching 
904 |i Minh, 990121 
980 |a Trung tâm Học liệu Trường Đại học Cần Thơ